000
00342pab a2200157 454500
008
180718b2010 xxu||||| |||| 00| 0 eng d
100
_a
Ray Rabindra
245
_a
The appeal of Naxalism
260
_c
2010
300
_a
p.213-20.
362
_a
Jul-Sep
650
_a
Terrorism
773
_a
Social Action
908
_a
N
909
_a
87189
999
_c
87189
_d
87189